BSOP header

Credo / (Record no. 2988)

MARC details
000 -LEADER
fixed length control field 00466nam a2200193 4500
005 - DATE AND TIME OF LATEST TRANSACTION
control field 20180607104826.0
008 - FIXED-LENGTH DATA ELEMENTS--GENERAL INFORMATION
fixed length control field 010816s1962 us engYA
100 1# - MAIN ENTRY--PERSONAL NAME
Personal name Barth, Karl
245 10 - TITLE STATEMENT
Title Credo /
Statement of responsibility, etc Karl Barth.
260 ## - PUBLICATION, DISTRIBUTION, ETC. (IMPRINT)
Place of publication, distribution, etc New York :
Name of publisher, distributor, etc Charles Scribner's Sons,
Date of publication, distribution, etc c1962.
300 ## - PHYSICAL DESCRIPTION
Extent xvii, 203 p
336 ## - CONTENT TYPE
Content Type Term text
337 ## - MEDIA TYPE
Media Type Term unmediated
338 ## - CARRIER TYPE
Carrier Type Term volume
650 #4 - SUBJECT ADDED ENTRY--TOPICAL TERM
Topical term or geographic name as entry element Apostles' Creed.
650 #4 - SUBJECT ADDED ENTRY--TOPICAL TERM
Topical term or geographic name as entry element Creeds.
951 ## - EQUIVALENCE OR CROSS-REFERENCE-GEOGRAPHIC NAME/AREA NAME [OBSOLETE] [CAN/MARC only]
General subdivision 00014498
942 ## - ADDED ENTRY ELEMENTS (KOHA)
Source of classification or shelving scheme Library of Congress Classification
Item type Books
Holdings
Withdrawn status Lost status Source of classification or shelving scheme Damaged status Not for loan Home library Current library Shelving location Date acquired Inventory number Shelving control number Total Checkouts Full call number Barcode Date last seen Price effective from Koha item type Source of acquisition Copy number
    Library of Congress Classification     BSOP Library BSOP Library GC 12/21/2000 23891 127   BT993.2 B28 00014498 02/23/2013 02/23/2013 Books    
    Library of Congress Classification     BSOP Library BSOP Library GC 06/07/2018 41600     BT993.2 B28 1962 c.2 00052600 06/07/2018 06/07/2018 Books Donation by Drs. George and Anne Harper c.2
BSOP

Biblical Seminary of the Philippines
  All rights Reserved
  © 2024

CONTACT INFORMATION

Biblical Seminary of the Philippines,
  77-B Karuhatan Road, Valenzuela City,
  PHILIPPINES 1441
  Phone: +632 8292-6795 / 8292-6798
  Fax : +632 8292-6675
  Email: library@bsop.edu.ph